[Event "VIE-ch U15 Girls"]
[Site "Hanoi"]
[Date "2022.06.13"]
[Round "4"]
[White "Nguyen, Le Cam Hien"]
[Black "Ton, Nu Quynh Duong"]
[Result "1/2-1/2"]
[WhiteElo "2115"]
[BlackElo "2118"]
[PlyCount "66"]
[EventDate "2022.06.11"]
[EventType "swiss"]
[EventRounds "9"]
[EventCountry "VIE"]
[SourceTitle "EXT 2023"]
[Source "ChessBase"]
[SourceDate "2022.10.05"]
[SourceVersion "1"]
[SourceVersionDate "2022.10.05"]
[SourceQuality "1"]

1. e4 c5 2. Nf3 d6 3. d4 cxd4 4. Nxd4 Nf6 5. Nc3 a6 6. Be2 e5 7. Nb3 Be7 8. 0-0 0-0 9. f4 Nbd7 10. f5 b5 11. a3 Bb7 12. Bf3 Qb6+ 13. Kh1 a5 14. Re1 Rfc8 15. Be3 Qc6 16. Re2 Nb6 17. Bxb6 Qxb6 18. Nb1 b4 19. axb4 a4 20. Nc1 Qxb4 21. c3 Qc4 22. Na3 Qc6 23. Nd3 Qb6 24. Nb4 Nd7 25. Qg1 Qxg1+ 26. Kxg1 Nb6 27. Nbc2 Nc4 28. Nxc4 Rxc4 29. Na3 Rc5 30. Rd2 Kf8 31. Kf2 Ke8 32. g3 Kd7 33. Rad1 Kc7 1/2-1/2

[Event "Eastern Asia-ch U14 Girls"]
[Site "Tornelo INT"]
[Date "2021.10.22"]
[Round "1"]
[White "Aastha, Turankar"]
[Black "Ton, Nu Quynh Duong"]
[Result "0-1"]
[WhiteElo "1137"]
[BlackElo "1399"]
[PlyCount "70"]
[EventDate "2021.10.22"]
[EventType "swiss"]
[EventRounds "9"]
[EventCountry "NET"]
[SourceTitle "EXT 2023"]
[Source "ChessBase"]
[SourceDate "2022.10.05"]
[SourceVersion "1"]
[SourceVersionDate "2022.10.05"]
[SourceQuality "1"]

1. e4 c5 2. Nf3 d6 3. d4 cxd4 4. Nxd4 Nf6 5. Nc3 a6 6. f3 e6 7. Be3 Be7 8. Qd2 Qc7 9. 0-0-0 Nbd7 10. g4 0-0 11. h4 b5 12. h5 Nc5 13. g5 Ne8 14. g6 Nf6 15. h6 fxg6 16. hxg7 Rf7 17. Bh3 b4 18. Nce2 e5 19. Nb3 a5 20. Nxc5 dxc5 21. Kb1 c4 22. Nc1 c3 23. Qg2 cxb2 24. Nb3 a4 25. Nd2 Bxh3 26. Rxh3 Rc8 27. Nf1 Rxg7 28. Ng3 Qc3 29. Bh6 b3 30. cxb3 axb3 31. Qxb2 Qc2+ 32. Qxc2 bxc2+ 33. Kc1 Ba3+ 34. Kd2 Rd7+ 35. Ke3 cxd1Q 0-1

[Event "Eastern Asia-ch U14 Girls"]
[Site "Tornelo INT"]
[Date "2021.10.22"]
[Round "2"]
[White "Ton, Nu Quynh Duong"]
[Black "Attanayake, Chanindi Mewna"]
[Result "1-0"]
[WhiteElo "1399"]
[BlackElo "1218"]
[PlyCount "79"]
[EventDate "2021.10.22"]
[EventType "swiss"]
[EventRounds "9"]
[EventCountry "NET"]
[SourceTitle "EXT 2023"]
[Source "ChessBase"]
[SourceDate "2022.10.05"]
[SourceVersion "1"]
[SourceVersionDate "2022.10.05"]
[SourceQuality "1"]

1. d4 d5 2. c4 e6 3. Nc3 c5 4. cxd5 exd5 5. dxc5 d4 6. Ne4 Bf5 7. Ng3 Bg6 8. Nf3 Nc6 9. Qb3 Qc7 10. e3 Bxc5 11. exd4 Bb4+ 12. Bd2 Bxd2+ 13. Nxd2 Nxd4 14. Bb5+ Kf8 15. Qb4+ Qe7+ 16. Qxe7+ Kxe7 17. Ba4 b5 18. Bb3 Bd3 19. Rc1 Nf6 20. Rc3 Bg6 21. 0-0 Rac8 22. Rfc1 Rxc3 23. Rxc3 Kd6 24. Nf3 Nxb3 25. Rxb3 Rc8 26. h3 a6 27. Ra3 Rc6 28. Nd4 Rb6 29. Ndf5+ Kc5 30. Nxg7 Nd5 31. N7f5 b4 32. Rf3 Re6 33. a3 a5 34. h4 h5 35. Ng7 Re5 36. axb4+ Kxb4 37. N7f5 Re1+ 38. Kh2 Rb1 39. Rd3 Kc5 40. Rb3 1-0

[Event "VIE-ch (Women)"]
[Site "Ho Chi Minh City"]
[Date "2018.04.30"]
[Round "6"]
[White "Ton, Nu Quynh Duong"]
[Black "Phan, Thao Nguyen"]
[Result "0-1"]
[WhiteElo "1283"]
[BlackElo "1561"]
[PlyCount "96"]
[EventDate "2018.04.27"]
[EventType "swiss"]
[EventRounds "9"]
[EventCountry "VIE"]
[SourceTitle "CBM 184 Extra"]
[Source "ChessBase"]
[SourceDate "2018.06.28"]
[SourceVersion "1"]
[SourceVersionDate "2018.06.28"]
[SourceQuality "1"]

1. d4 d5 2. c4 e6 3. Nc3 Nf6 4. Nf3 Be7 5. e3 0-0 6. Qc2 Nbd7 7. Bd3 dxc4 8. Bxc4 b6 9. 0-0 Bb7 10. Be2 Rc8 11. Nb5 a6 12. Na7 Ra8 13. Nc6 Bxc6 14. Qxc6 Nd5 15. a3 Bd6 16. Bc4 Ne7 17. Qe4 Nf6 18. Qc2 Ng6 19. Rd1 Qe7 20. Bf1 e5 21. dxe5 Nxe5 22. Nd4 g6 23. Nc6 Nxc6 24. Qxc6 Qe5 25. g3 Qh5 26. Bd2 Ng4 27. h3 Ne5 28. g4 Qg5 29. Qg2 Qe7 30. f4 Nd7 31. e4 Bc5+ 32. Kh1 Rfe8 33. e5 b5 34. Bd3 Rad8 35. Bc2 Nb6 36. Bc3 Nc4 37. Qf3 Ne3 38. Rxd8 Rxd8 39. Be4 Nc4 40. b4 Bb6 41. Bb7 Nd2 42. Bxd2 Rxd2 43. Bxa6 Rf2 44. Qe4 Qh4 45. Qd3 Rxf4 46. Bxb5 Rxg4 47. Rd1 Rd4 48. Kh2 Rxd3 0-1

[Event "VIE-ch (Women)"]
[Site "Ho Chi Minh City"]
[Date "2018.04.29"]
[Round "4"]
[White "Huynh, Ngoc Thuy Linh"]
[Black "Ton, Nu Quynh Duong"]
[Result "1/2-1/2"]
[WhiteElo "1878"]
[BlackElo "1283"]
[PlyCount "42"]
[EventDate "2018.04.27"]
[EventType "swiss"]
[EventRounds "9"]
[EventCountry "VIE"]
[SourceTitle "CBM 184 Extra"]
[Source "ChessBase"]
[SourceDate "2018.06.28"]
[SourceVersion "1"]
[SourceVersionDate "2018.06.28"]
[SourceQuality "1"]

1. d4 Nf6 2. c4 e6 3. Nc3 Bb4 4. Qc2 0-0 5. Nf3 d5 6. e3 b6 7. Bd3 Bb7 8. cxd5 Qxd5 9. 0-0 Bxc3 10. bxc3 Nbd7 11. c4 Qh5 12. e4 c5 13. d5 exd5 14. exd5 b5 15. Rb1 bxc4 16. Rxb7 cxd3 17. Qxd3 Nb6 18. d6 Rfd8 19. Ng5 Rd7 20. Rxd7 Nfxd7 21. Re1 f6 1/2-1/2

[Event "VIE-chT (Women)"]
[Site "Ho Chi Minh City"]
[Date "2017.07.26"]
[Round "5.23"]
[White "Ton, Nu Quynh Duong"]
[Black "Nguyen, Thi Thao Linh"]
[Result "0-1"]
[WhiteElo "1205"]
[BlackElo "1882"]
[PlyCount "48"]
[EventDate "2017.07.24"]
[EventType "team-swiss"]
[EventRounds "9"]
[EventCountry "VIE"]
[SourceTitle "EXT 2019"]
[Source "ChessBase"]
[SourceDate "2018.10.10"]
[SourceVersion "1"]
[SourceVersionDate "2018.10.10"]
[SourceQuality "1"]

1. d4 Nf6 2. c4 e6 3. a3 c5 4. Nf3 b6 5. Nc3 Bb7 6. Bf4 d5 7. Nb5 Na6 8. Qa4 Nd7 9. cxd5 exd5 10. e3 f6 11. Bd6 Be7 12. Nh4 g6 13. Bd3 Kf7 14. Qc2 Nf8 15. Bg3 Qd7 16. Nc3 Nc7 17. 0-0 Rc8 18. Qe2 Nce6 19. Nf3 c4 20. Bc2 b5 21. a4 b4 22. Nb5 a6 23. Ne5+ fxe5 24. Bxe5 Rg8 0-1